عندما يصبح المستحيل ممكناً / (رقم التسجيلة. 102316)

تفاصيل مارك
000 -LEADER
fixed length control field 00962nam a22002657a 4500
005 - DATE AND TIME OF LATEST TRANSACTION
control field 20251108173353.0
008 - FIXED-LENGTH DATA ELEMENTS--GENERAL INFORMATION
fixed length control field 250721s2005 xx 000 0 ara d
020 ## - INTERNATIONAL STANDARD BOOK NUMBER
International Standard Book Number 9773371999
082 14 - DEWEY DECIMAL CLASSIFICATION NUMBER
Classification number 926.58/ توف
100 1# - MAIN ENTRY--PERSONAL NAME
Personal name توفيق، عبد الرحمن
245 10 - TITLE STATEMENT
Title عندما يصبح المستحيل ممكناً /
246 13 - VARYING FORM OF TITLE
Title proper/short title رؤية الدكتور عبد الرحمن توفيق لمسيرة نجاح المهندس صبحي بترجي
264 1# - PRODUCTION, PUBLICATION, DISTRIBUTION, MANUFACTURE, AND COPYRIGHT NOTICE
Place of production, publication, distribution, manufacture القاهره :
Name of producer, publisher, distributor, manufacturer مركز الخبرات المهنية للإدارة (بميك)،
Date of production, publication, distribution, manufacture, or copyright notice 2005.
300 ## - PHYSICAL DESCRIPTION
Extent 197ص.
490 0# - SERIES STATEMENT
Series statement إصدارات بميك
Volume/sequential designation 71
500 ## - GENERAL NOTE
General note يشمل الكتاب على قائمة بأسماء موزعين بميك
650 17 - SUBJECT ADDED ENTRY--TOPICAL TERM
Topical term or geographic name as entry element إدارة الأعمال
650 17 - SUBJECT ADDED ENTRY--TOPICAL TERM
Topical term or geographic name as entry element رجال الأعمال
650 17 - SUBJECT ADDED ENTRY--TOPICAL TERM
Topical term or geographic name as entry element النجاح
650 17 - SUBJECT ADDED ENTRY--TOPICAL TERM
Topical term or geographic name as entry element الإسلام
650 17 - SUBJECT ADDED ENTRY--TOPICAL TERM
Topical term or geographic name as entry element التراجم
650 17 - SUBJECT ADDED ENTRY--TOPICAL TERM
Topical term or geographic name as entry element السعودية
942 ## - ADDED ENTRY ELEMENTS (KOHA)
Source of classification or shelving scheme Dewey Decimal Classification
Koha item type كتب
المقتنيات
حالة السحب حالة الفقدان مصدر التصنيف حالة التلف غير قابل للإعارة المكتبة الرئيسية المكتبة الحالية موقع الرف تاريخ التزويد الرقم المتسلسل Total Checkouts رقم الإستدعاء الباركود تاريخ آخر ظهور تاريخ الفاتورة نوع المادة (كوها)
    Dewey Decimal Classification     المكتبة المركزية المكتبة المركزية الإعارة 28/07/2025 1051954   926.58/ توف 1051954 28/07/2025 28/07/2025 كتب
    Dewey Decimal Classification     المكتبة المركزية المكتبة المركزية الإعارة 17/11/2016 1629941   926.58/ توف PLD00399317 28/07/2025 17/11/2016 كتب
Implemented & Customized by: BBB with SCIT (Smart Chains for Information Technology)

Powered by Koha